000 00493nam a22001817a 4500
003 CEME
005 20210628203002.0
008 210126b xxu||||| |||| 00| 0 eng d
020 _a0-8493-2553-6
040 _c.
082 _a621.4021 ANN
100 _aAnnamalai, Kalyan:Puri, Ishwar K
_962718
245 _aAdvanced thermodynamics engineering
260 _aNEW YORK
_bCRC PRESS
_c2002
300 _a786P
650 _aTHERMODYNAMICS.THERMODYNAMICS ENGINEERING
_962719
942 _cBK
_2ddc
999 _c571739
_d571739